000 00229nam a2200085Ia 4500
008 170620s9999 xx 000 0 und d
100 _aBrennan- James F.
245 0 _aHistory and Systems of Psychology
260 _bNew Delhi- Pearson Education
260 _c2008
999 _c25055
_d25055